| 000 | 00957nam a2200313Ia 4500 | ||
|---|---|---|---|
| 008 | 160803s9999 xx 000 0 und d | ||
| 020 | _a0 439579384 | ||
| 100 | _aBerger, Melvin | ||
| 245 | _aAre mountains growing taller? : | ||
| 245 | _bquestions and answers about the changing earth / | ||
| 245 | _cby Melvin and Gilda Berger ; illustrated by Robin Carter. | ||
| 260 | _aNew York : | ||
| 260 | _bScholastic Inc. | ||
| 260 | _c2002 | ||
| 300 | _a50 pages : | ||
| 300 | _bcolor illustrations, color maps ; | ||
| 300 | _c21 x 26 cm. | ||
| 440 | _aScholastic question and answer series. | ||
| 650 | _aEarth -- | ||
| 650 | _aGeodynamics -- Miscellanea -- | ||
| 650 | _aGeology -- | ||
| 650 | _aGeomorphology -- Miscellanea -- | ||
| 650 | _aQuestions and answers. | ||
| 650 | _xJuvenile literature. | ||
| 650 | _xJuvenile literature. | ||
| 650 | _xJuvenile literature. | ||
| 650 | _xJuvenile literature. | ||
| 700 | _a670 | ||
| 999 |
_c298973 _d298973 |
||